[Event "Offene Hessische Senioren Einzelmeisters"]
[Site "Bad Sooden- Allendorf"]
[Date "2011.05.03"]
[Round "4.85"]
[White "Geibel, Henning"]
[Black "Droese, Dr. Manfred"]
[Result "1/2-1/2"]
[WhiteElo "1536"]
[BlackElo "1844"]
[PlyCount "39"]
[EventDate "2011.??.??"]

1. e4 e6 2. Bc4 d5 3. exd5 exd5 4. Be2 Nf6 5. d4 Bd6 6. Nf3 O-O 7. O-O Nc6 8.
Bg5 h6 9. Bh4 Bf5 10. a3 a6 11. c4 dxc4 12. Bxc4 Be7 13. Nc3 b5 14. Be2 Nd5 15.
Bxe7 Ncxe7 16. Nxd5 Nxd5 17. Ne5 Qd6 18. Bf3 Be6 19. Rc1 Rac8 20. Rc6 1/2-1/2

[Event "Offene Hessische Senioren Einzelmeisters"]
[Site "Bad Sooden- Allendorf"]
[Date "2011.05.03"]
[Round "4.86"]
[White "Strozewski, Günter"]
[Black "Borkenhagen, Bernd"]
[Result "0-1"]
[WhiteElo "1865"]
[BlackElo "1724"]
[PlyCount "103"]
[EventDate "2011.??.??"]

1. e4 c5 2. Nf3 d6 3. c3 Nf6 4. e5 dxe5 5. Nxe5 e6 6. Bb5+ Bd7 7. Nxd7 Nbxd7 8.
O-O a6 9. Be2 Be7 10. d4 cxd4 11. Qxd4 Qb6 12. Qa4 O-O 13. Na3 Qc7 14. Bf3 Rab8
15. Rd1 h6 16. Bf4 e5 17. Be3 Rfc8 18. Bg4 Rd8 19. Bf5 Qc6 20. Bxd7 Nxd7 21.
Qxc6 bxc6 22. Nc4 Rb5 23. b3 Rd5 24. g3 f6 25. Nd2 Nc5 26. c4 Rd3 27. Kf1 f5
28. Ke2 e4 29. Bxc5 Bxc5 30. Nf1 Rxd1 31. Rxd1 Rxd1 32. Kxd1 Bxf2 33. Ke2 Bg1
34. h3 h5 35. Ne3 Bxe3 36. Kxe3 c5 37. b4 cxb4 38. c5 Kf7 39. Kf4 g6 40. Ke3
Ke6 41. Kd4 Kd7 42. h4 Kc6 43. Kc4 a5 44. Kd4 a4 45. Kc4 b3 46. axb3 axb3 47.
Kxb3 Kxc5 48. Kc3 Kd5 49. Kd2 Kd4 50. Ke2 e3 51. Kd1 Kd3 52. Ke1 0-1

[Event "Offene Hessische Senioren Einzelmeisters"]
[Site "Bad Sooden- Allendorf"]
[Date "2011.05.03"]
[Round "4.87"]
[White "Gelzinnus, Siegfried"]
[Black "Schumacher, Ursula"]
[Result "1-0"]
[WhiteElo "1821"]
[BlackElo "1667"]
[PlyCount "75"]
[EventDate "2011.??.??"]

1. Nf3 c6 2. g3 d5 3. Bg2 Bf5 4. O-O e6 5. d3 Nd7 6. Nbd2 Be7 7. e4 Bg4 8. b3
d4 9. h3 Bxf3 10. Nxf3 e5 11. Bb2 Rc8 12. c4 Ngf6 13. Bc1 h6 14. Ne1 O-O 15. f4
Nh7 16. f5 f6 17. Qg4 Kh8 18. Nf3 g5 19. fxg6 Rg8 20. Bxh6 Bf8 21. Qh5 Bxh6 22.
Qxh6 Ndf8 23. gxh7 Rg6 24. Qh4 Qe8 25. Nh2 Rc7 26. Rf5 Rxh7 27. Rh5 Rxh5 28.
Qxh5+ Kg7 29. Qf3 Ne6 30. h4 Qe7 31. Bh3 Nc7 32. Bf5 Rh6 33. Ng4 Rh8 34. Rf1
Ne8 35. Nh2 Kh6 36. Qg4 Qg7 37. Qxg7+ Nxg7 38. Ng4+ 1-0

[Event "Offene Hessische Senioren Einzelmeisters"]
[Site "Bad Sooden- Allendorf"]
[Date "2011.05.03"]
[Round "4.88"]
[White "Mertens, Gottfried"]
[Black "Wilfert, Eva-Maria"]
[Result "1-0"]
[WhiteElo "1982"]
[BlackElo "1743"]
[PlyCount "99"]
[EventDate "2011.??.??"]

1. f4 b6 2. Nf3 Bb7 3. e3 Nf6 4. Be2 g6 5. b3 Bg7 6. Bb2 Nc6 7. O-O O-O 8. c4
d5 9. cxd5 Qxd5 10. Nc3 Qd7 11. Rc1 a6 12. d4 Rac8 13. Ne5 Qd6 14. Bf3 Ba8 15.
Qe2 Nb4 16. Ba3 Bxf3 17. Qxf3 a5 18. Bxb4 Qxb4 19. Nc6 Qd6 20. Rf2 e6 21. Rfc2
Nd5 22. Nxd5 exd5 23. Qxd5 Qa3 24. Qf3 Bf6 25. Ne5 Bxe5 26. fxe5 Qe7 27. Rc6
Rfd8 28. Qf6 Rd7 29. Qxe7 Rxe7 30. Kf2 Kf8 31. Kf3 Ke8 32. Kf4 h6 33. h4 Kd7
34. g4 Re6 35. d5 Rxc6 36. Rxc6 Re8 37. e4 g5+ 38. hxg5 hxg5+ 39. Kf5 Re7 40.
Rf6 b5 41. d6 cxd6 42. exd6 Re8 43. e5 Rf8 44. Kxg5 Rg8+ 45. Kf5 Ke8 46. g5 Rh8
47. Rh6 Rg8 48. g6 fxg6+ 49. Rxg6 Rh8 50. e6 1-0

[Event "Offene Hessische Senioren Einzelmeisters"]
[Site "Bad Sooden- Allendorf"]
[Date "2011.05.03"]
[Round "4.89"]
[White "Fromme, Werner"]
[Black "Wolff, Heinz"]
[Result "1-0"]
[WhiteElo "1935"]
[BlackElo "1613"]
[PlyCount "82"]
[EventDate "2011.??.??"]

1. d4 Nf6 2. c4 e6 3. Nc3 d5 4. Nf3 Nbd7 5. e3 b6 6. cxd5 exd5 7. Bb5 Bb7 8.
O-O c6 9. Bd3 Be7 10. b3 O-O 11. Bb2 Re8 12. Re1 h6 13. Nd2 Bd6 14. f4 c5 15.
Nf3 cxd4 16. Nb5 Bb4 17. Re2 dxe3 18. Ne5 Bc5 19. Bf5 a6 20. Nxd7 Nxd7 21. Nd4
Nf6 22. Qd3 Ne4 23. Rxe3 Nf6 24. Rae1 Rxe3 25. Rxe3 Qd6 26. g3 Re8 27. Rxe8+
Nxe8 28. Kg2 Nf6 29. Qd1 Ne4 30. Nf3 Qe7 31. Be5 f6 32. Bd4 Qf7 33. Qe2 Qh5 34.
Be6+ Kh8 35. g4 Qe8 36. f5 Qe7 37. Nh4 Qd8 38. Ng6+ Kh7 39. h4 Qd6 40. Bxc5
bxc5 41. Qf3 Qd8 1-0

[Event "Offene Hessische Senioren Einzelmeisters"]
[Site "Bad Sooden- Allendorf"]
[Date "2011.05.03"]
[Round "4.90"]
[White "Ludwig, Siegfried"]
[Black "Samarian, Cornel"]
[Result "0-1"]
[WhiteElo "1630"]
[BlackElo "1757"]
[PlyCount "79"]
[EventDate "2011.??.??"]

1. e4 e5 2. Nf3 Nc6 3. Nc3 Nf6 4. d4 Nxd4 5. Nxd4 exd4 6. Qxd4 d6 7. Bg5 Be7 8.
Bd3 O-O 9. h3 Bd7 10. Qe3 c6 11. Qf3 Ne8 12. Bxe7 Qxe7 13. O-O-O Qf6 14. Qe3 g6
15. f4 Ng7 16. Rhf1 b6 17. Rf3 Rfe8 18. Qf2 Qe7 19. g4 f5 20. Bc4+ Be6 21. Qd4
fxg4 22. hxg4 d5 23. exd5 c5 24. Qe5 Bf7 25. Qxe7 Rxe7 26. d6 Rd7 27. Bb5 Rdd8
28. Re3 Ne6 29. d7 Nd4 30. a4 a6 31. Bxa6 Rxd7 32. Ne4 Kg7 33. Bb5 Rdd8 34.
Red3 Ne2+ 35. Kb1 Rxd3 36. Rxd3 Nd4 37. Nd6 Nxb5 38. Nxb5 Be8 39. f5 gxf5 40.
gxf5 {weitere 27 Züge nicht rekonstruierbar} 0-1

[Event "Offene Hessische Senioren Einzelmeisters"]
[Site "Bad Sooden- Allendorf"]
[Date "2011.05.03"]
[Round "4.91"]
[White "Köhler, Marianne"]
[Black "Schneider, Hans"]
[Result "1/2-1/2"]
[WhiteElo "1661"]
[BlackElo "1793"]
[PlyCount "29"]
[EventDate "2011.??.??"]

1. e4 c5 2. Nc3 Nc6 3. Nf3 g6 4. Bb5 Bg7 5. Bxc6 bxc6 6. O-O Nf6 7. h3 O-O 8.
d3 d6 9. Bd2 e5 10. Qc1 Bd7 11. Bh6 Rb8 12. Bxg7 Kxg7 13. Rb1 Ng8 14. Qg5 Qxg5
15. Nxg5 1/2-1/2

[Event "Offene Hessische Senioren Einzelmeisters"]
[Site "Bad Sooden- Allendorf"]
[Date "2011.05.03"]
[Round "4.92"]
[White "Grüneschild, Hildegard"]
[Black "Graffenberger, Wilhelm"]
[Result "1-0"]
[WhiteElo "1634"]
[BlackElo "1762"]
[PlyCount "69"]
[EventDate "2011.??.??"]

1. c4 e5 2. Nc3 Nf6 3. g3 Nc6 4. Bg2 Be7 5. e3 d6 6. Nge2 Be6 7. d3 Qc8 8. Nd5
Bd8 9. Nec3 Bh3 10. O-O Bxg2 11. Kxg2 O-O 12. Nxf6+ Bxf6 13. Nd5 Qd8 14. Qf3
Be7 15. Nxe7+ Qxe7 16. Bd2 f5 17. Qd5+ Kh8 18. Bc3 Rae8 19. Rae1 Nd8 20. Qb5 c6
21. Qb3 c5 22. f4 e4 23. Qc2 Qd7 24. d4 b6 25. dxc5 bxc5 26. Rd1 Nf7 27. Rd5
Qc8 28. b3 Rd8 29. Qb2 Rg8 30. Qe2 Rd7 31. Rxf5 Nh6 32. Rd5 Qc7 33. Qh5 Nf7 34.
Qh3 Nd8 35. Rh5 1-0

[Event "Offene Hessische Senioren Einzelmeisters"]
[Site "Bad Sooden- Allendorf"]
[Date "2011.05.03"]
[Round "4.93"]
[White "Bangert, Rüdiger"]
[Black "Wauer, Klaus"]
[Result "1-0"]
[WhiteElo "1684"]
[BlackElo "1835"]
[PlyCount "122"]
[EventDate "2011.??.??"]

1. d4 d5 2. c4 c6 3. Nc3 Bf5 4. Qa4 Nd7 5. e3 e6 6. cxd5 exd5 7. a3 Ngf6 8. Be2
Bd6 9. Nf3 O-O 10. Qd1 Re8 11. Nh4 Be6 12. h3 a6 13. Bd2 c5 14. Nf3 c4 15. Ng5
Bf5 16. g4 Bg6 17. h4 h6 18. h5 Bh7 19. Nxh7 Nxh7 20. Bf3 Nb6 21. Nxd5 Nxd5 22.
Bxd5 Bxa3 23. Bxf7+ Kxf7 24. Rxa3 Qxd4 25. Qf3+ Kg8 26. Bc3 Qe4 27. Qxe4 Rxe4
28. Rg1 Kf7 29. Ke2 Re6 30. Rd1 Nf8 31. Rd4 Rc8 32. Ra1 b5 33. Rad1 Rce8 34.
Rd6 Rxd6 35. Rxd6 Re6 36. Rd8 Ke7 37. Rb8 Nd7 38. Rg8 g6 39. Rg7+ Ke8 40. hxg6
Nf8 41. Rg8 Rxg6 42. Rxg6 Nxg6 43. f4 Ne7 44. e4 Kf7 45. Ke3 Nc6 46. e5 b4 47.
Bd2 a5 48. Ke4 Ke6 49. f5+ Kd7 50. Kd5 a4 51. e6+ Kc7 52. Kxc4 Ne5+ 53. Kxb4
Nxg4 54. Bf4+ Kd8 55. Kxa4 h5 56. Bg5+ Ke8 57. b4 Ne5 58. b5 Nc4 59. f6 Nb6+
60. Ka5 Nd5 61. f7+ Kf8 1-0

[Event "Offene Hessische Senioren Einzelmeisters"]
[Site "Bad Sooden- Allendorf"]
[Date "2011.05.03"]
[Round "4.94"]
[White "Gröner, Marga"]
[Black "Krause, Werner"]
[Result "1/2-1/2"]
[WhiteElo "1480"]
[BlackElo "1695"]
[PlyCount "41"]
[EventDate "2011.??.??"]

1. d4 d5 2. Nd2 e5 3. dxe5 d4 4. Ngf3 Nc6 5. Nc4 Bg4 6. e3 Bb4+ 7. Bd2 dxe3 8.
fxe3 Qe7 9. Be2 O-O-O 10. a3 Bxd2+ 11. Nfxd2 Be6 12. Bg4 f5 13. exf6 Nxf6 14.
Bxe6+ Qxe6 15. Qe2 b5 16. O-O-O a6 17. h3 Rhe8 18. Rhe1 Ne4 19. Nxe4 Qxe4 20.
Rxd8+ Rxd8 21. Nd2 1/2-1/2

[Event "Offene Hessische Senioren Einzelmeisters"]
[Site "Bad Sooden- Allendorf"]
[Date "2011.05.03"]
[Round "4.95"]
[White "Hespers, Rolf"]
[Black "Knobling, Rolf"]
[Result "1/2-1/2"]
[WhiteElo "1784"]
[BlackElo "1636"]
[PlyCount "26"]
[EventDate "2011.??.??"]

1. d4 d5 2. Nf3 Nf6 3. Bf4 e6 4. Nbd2 Nbd7 5. h3 c5 6. c3 cxd4 7. cxd4 Qa5 8.
a3 Be7 9. e3 O-O 10. Bd3 b5 11. O-O Bb7 12. Qe2 a6 13. Rfc1 Rfc8 1/2-1/2

[Event "Offene Hessische Senioren Einzelmeisters"]
[Site "Bad Sooden- Allendorf"]
[Date "2011.05.03"]
[Round "4.96"]
[White "Ludwig, Richard"]
[Black "Bartl, Birgit"]
[Result "1-0"]
[WhiteElo "1716"]
[BlackElo "1511"]
[PlyCount "83"]
[EventDate "2011.??.??"]

1. e4 c5 2. c3 e6 3. d4 cxd4 4. cxd4 b6 5. Nc3 d5 6. e5 Ne7 7. Bd3 Nbc6 8. Nf3
Nb4 9. O-O Nxd3 10. Qxd3 Nf5 11. Re1 Be7 12. Bd2 O-O 13. Rac1 a6 14. a3 Bd7 15.
Qb1 Rb8 16. Ne2 Nh4 17. Nxh4 Bxh4 18. g3 Be7 19. Bf4 Ra8 20. Rc3 f6 21. Be3
fxe5 22. dxe5 Bb5 23. Nd4 Bd7 24. Rec1 Bg5 25. f4 Bh6 26. Kg2 Qe8 27. f5 exf5
28. Bxh6 gxh6 29. Re1 f4 30. e6 Bc8 31. Qd1 Bb7 32. Qg4+ Qg6 33. Qd1 Rae8 34.
Kg1 fxg3 35. Rxg3 Rf6 36. Rxg6+ Rxg6+ 37. Kh1 Bc8 38. Rg1 Bb7 39. Rxg6+ hxg6
40. h4 Kf8 41. Qf3+ Ke7 42. Qf7+ 1-0

[Event "Offene Hessische Senioren Einzelmeisters"]
[Site "Bad Sooden- Allendorf"]
[Date "2011.05.03"]
[Round "4.97"]
[White "Klose, Hans-Peter"]
[Black "Rollwitz, Inge"]
[Result "1-0"]
[WhiteElo "1729"]
[BlackElo "1476"]
[PlyCount "153"]
[EventDate "2011.??.??"]

1. d4 d6 2. Nf3 Nf6 3. c3 g6 4. Bf4 Bg7 5. Nbd2 c6 6. e4 O-O 7. Bd3 Nbd7 8. O-O
Qc7 9. h3 e5 10. Bh2 b5 11. Rc1 a6 12. c4 Bb7 13. cxb5 axb5 14. Bxb5 Rxa2 15.
Qc2 Rc8 16. Qc4 Ra5 17. Ba4 Nb6 18. Qc2 Rxa4 19. b3 Ra7 20. dxe5 dxe5 21. Nxe5
Nfd7 22. Nec4 Ne5 23. Nxb6 Qxb6 24. Bf4 Ba6 25. Be3 Qc7 26. Rfd1 Rb7 27. Nc4
Nxc4 28. bxc4 Rcb8 29. Qa2 Ra8 30. Qc2 Rb2 31. Qd3 Rb7 32. g3 Bf6 33. Kg2 Rd8
34. Qe2 Rxd1 35. Rxd1 c5 36. Rd5 Be7 37. Bf4 Qc6 38. Qd3 f6 39. Bd6 Kf7 40. Kf3
Rd7 41. Bxe7 Kxe7 42. g4 Bc8 43. Qe3 Rd6 44. Rxc5 Qd7 45. Rd5 Rxd5 46. exd5+
Kd8 47. Qb6+ Ke7 48. Qe3+ Kf7 49. Qh6 Kg8 50. Qf4 Kg7 51. Qd4 g5 52. Qc3 h6 53.
Qd4 Qe7 54. Qe3 Qxe3+ 55. Kxe3 Kf7 56. c5 Ke7 57. f4 Kd7 58. fxg5 hxg5 59. Ke4
Kc7 60. Kd4 Ba6 61. Ke4 Bc8 62. Kd4 f5 63. Ke5 f4 64. Ke4 Ba6 65. Kf3 Bf1 66.
h4 gxh4 67. Kf2 Bc4 68. d6+ Kc6 69. g5 h3 70. g6 Bd5 71. g7 h2 72. g8=Q Bxg8
73. Kg2 f3+ 74. Kxh2 Bd5 75. Kg3 Kxc5 76. d7 Kd4 77. d8=Q 1-0

[Event "Offene Hessische Senioren Einzelmeisters"]
[Site "Bad Sooden- Allendorf"]
[Date "2011.05.03"]
[Round "4.98"]
[White "Ludwig, Egbert"]
[Black "Donner, Ernst"]
[Result "1/2-1/2"]
[WhiteElo "1490"]
[BlackElo "1648"]
[PlyCount "53"]
[EventDate "2011.??.??"]

1. d4 d6 2. Nf3 g6 3. g3 Bg7 4. Bg2 c6 5. c4 Qc7 6. O-O Nf6 7. Nc3 a6 8. e4 Bg4
9. h3 Bxf3 10. Qxf3 Nbd7 11. Rd1 O-O 12. Be3 b5 13. Qe2 Rab8 14. b3 Qa5 15. Bd2
b4 16. Na4 Nb6 17. Nb2 Nbd7 18. f4 Nh5 19. Qe3 Qb6 20. Be1 Bh8 21. Na4 Qc7 22.
Rac1 a5 23. Bf3 Ng7 24. d5 Ne8 25. Bg4 h5 26. Bf3 Bg7 27. Bg2 {
weitere 33 Züge nicht zu rekonstruieren} 1/2-1/2

[Event "Offene Hessische Senioren Einzelmeisters"]
[Site "Bad Sooden- Allendorf"]
[Date "2011.05.03"]
[Round "4.99"]
[White "Lübbers, Dr. Doris"]
[Black "Nols, Uwe"]
[Result "1-0"]
[WhiteElo "1602"]
[BlackElo "1229"]
[PlyCount "87"]
[EventDate "2011.??.??"]

1. d4 d5 2. Bf4 Nc6 3. Nf3 Nf6 4. h3 a6 5. c3 h6 6. e3 b6 7. Bd3 Bb7 8. O-O e6
9. Nbd2 Be7 10. Ne5 O-O 11. Re1 Bd6 12. Ndf3 Nd7 13. Nxc6 Bxc6 14. Bxd6 cxd6
15. Qc2 Nf6 16. Re2 e5 17. dxe5 Ne4 18. exd6 Qxd6 19. Bxe4 dxe4 20. Nh2 f5 21.
Rd1 Qg6 22. Qb3+ Kh8 23. Qxb6 Rab8 24. Qc5 Rf6 25. Red2 Rff8 26. Rd6 Qh5 27.
Qxc6 Qh4 28. R1d2 Rbc8 29. Qxa6 Ra8 30. Qc4 f4 31. exf4 Rae8 32. Re2 Qxf4 33.
Qd4 Qc1+ 34. Nf1 Qg5 35. Rd7 Rf3 36. Re3 Rf4 37. Ng3 Ref8 38. Nxe4 Qh4 39. Qd1
R8f7 40. Rdd3 Kg8 41. Rf3 Qe7 42. Rxf4 Rxf4 43. a3 Qf7 44. Rf3 1-0

[Event "Offene Hessische Senioren Einzelmeisters"]
[Site "Bad Sooden- Allendorf"]
[Date "2011.05.03"]
[Round "4.100"]
[White "Semisch, Helga"]
[Black "Girod, Gudrun"]
[Result "1/2-1/2"]
[WhiteElo "1609"]
[BlackElo "1568"]
[PlyCount "44"]
[EventDate "2011.??.??"]

1. d4 d5 2. e3 e6 3. Bd3 Nf6 4. Nd2 Bd6 5. Ngf3 Nbd7 6. O-O e5 7. e4 dxe4 8.
Nxe4 Nxe4 9. Bxe4 O-O 10. d5 h6 11. c4 Nf6 12. Bc2 Bg4 13. h3 Bh5 14. Re1 Re8
15. b3 c6 16. Be4 Nxe4 17. Rxe4 cxd5 18. cxd5 f5 19. Rh4 Bxf3 20. Qxf3 Qxh4 21.
Qxf5 Qd4 22. Rb1 Qxd5 1/2-1/2

[Event "Offene Hessische Senioren Einzelmeisters"]
[Site "Bad Sooden- Allendorf"]
[Date "2011.05.03"]
[Round "4.101"]
[White "Wernitz, Armin"]
[Black "Fister, Horst-Lothar"]
[Result "1-0"]
[WhiteElo "1598"]
[BlackElo "1669"]
[PlyCount "91"]
[EventDate "2011.??.??"]

1. d4 d6 2. Nf3 Nf6 3. c4 c6 4. Nc3 Nbd7 5. e4 Qc7 6. Be2 e5 7. d5 Be7 8. O-O
O-O 9. h3 Nc5 10. Qc2 a6 11. b4 Ncd7 12. Be3 b6 13. Rac1 c5 14. b5 Re8 15. a4
a5 16. g4 Nf8 17. Nd2 Ng6 18. Kh2 Qd7 19. f4 h5 20. f5 Nf4 21. Bxf4 exf4 22.
Rxf4 Nh7 23. gxh5 Bf6 24. Rg1 Be5 25. Rgf1 Bxf4+ 26. Rxf4 Qe7 27. Bg4 Qe5 28.
Ne2 Ng5 29. Qc3 f6 30. Qxe5 fxe5 31. Rf2 Rf8 32. Kg3 Bd7 33. Kh4 Nh7 34. Nf3
Nf6 35. Ng3 Kh7 36. Ng5+ Kh6 37. Ne6 Bxe6 38. fxe6 Rae8 39. Nf5+ Kh7 40. Nxd6
Rd8 41. Bf5+ g6 42. hxg6+ Kg7 43. Nf7 Rde8 44. Nxe5 Rh8+ 45. Kg3 Rh5 46. Kf4
1-0

[Event "Offene Hessische Senioren Einzelmeisters"]
[Site "Bad Sooden- Allendorf"]
[Date "2011.05.03"]
[Round "4.102"]
[White "Dirks, Rainer"]
[Black "Henniges, Erhard"]
[Result "0-1"]
[WhiteElo "1610"]
[BlackElo "1682"]
[PlyCount "100"]
[EventDate "2011.??.??"]

1. e4 e6 2. Nf3 Ne7 3. Be2 Ng6 4. g3 Be7 5. d4 O-O 6. Nc3 c6 7. Bd3 Bb4 8. Bd2
d6 9. a3 Bxc3 10. Bxc3 e5 11. dxe5 Bg4 12. exd6 Nd7 13. Be2 Re8 14. Qd4 f6 15.
h3 Bxf3 16. Bxf3 Nge5 17. Bg4 f5 18. f4 fxg4 19. fxe5 Nxe5 20. Ke2 Qg5 21. h4
Qg6 22. h5 Qh6 23. Bd2 Qe6 24. h6 Qg6 25. d7 Nxd7 26. Qc4+ Re6 27. hxg7 Qxe4+
28. Qxe4 Rxe4+ 29. Kd3 Nc5+ 30. Kc3 Rae8 31. Bh6 Ne6 32. Rhe1 Nxg7 33. Rxe4
Rxe4 34. Rd1 Kf7 35. Bf4 h5 36. Rd7+ Re7 37. Rd1 Ne6 38. Rh1 Kg6 39. Kc4 Rf7
40. Rf1 Rf5 41. b4 b5+ 42. Kb3 Nd4+ 43. Kb2 Ne2 44. Rf2 Nxf4 45. gxf4 h4 46.
Kc1 h3 47. Kd1 Kh5 48. Ke1 g3 49. Rf3 Kg4 50. Ke2 h2 0-1

[Event "Offene Hessische Senioren Einzelmeisters"]
[Site "Bad Sooden- Allendorf"]
[Date "2011.05.03"]
[Round "4.103"]
[White "Helm, Irmgard"]
[Black "Kaldune, Helmut"]
[Result "1-0"]
[WhiteElo "1714"]
[BlackElo "1535"]
[PlyCount "53"]
[EventDate "2011.??.??"]

1. d4 d5 2. c4 c6 3. Nc3 e6 4. Nf3 Nf6 5. Bg5 Be7 6. e3 h6 7. Bh4 Nbd7 8. cxd5
Nxd5 9. Bxe7 Qxe7 10. Rc1 Qb4 11. Qd2 c5 12. a3 Qb6 13. Bd3 cxd4 14. exd4 N5f6
15. O-O Qc7 16. h3 Qd8 17. Nb5 O-O 18. Rfd1 Nd5 19. Ne5 a6 20. Nd6 f6 21. Ng4
f5 22. Nxh6+ gxh6 23. Qxh6 Rf6 24. Qg5+ Kf8 25. Bxf5 exf5 26. Nxf5 Qe8 27. Qg7#
1-0